[Event "Danmarksmesterskabet 1976"]
[Site "Aarhus"]
[Date "1976.04.10"]
[Round "1"]
[White "From, Sigfred"]
[Black "Rosenlund, Thorbjorn"]
[Result "1/2-1/2"]
[WhiteElo "2198"]
[BlackElo "2360"]
[PlyCount "75"]
[EventDate "1976.04.10"]
[EventType "swiss"]
[EventRounds "10"]
[EventCountry "DEN"]
[SourceTitle "ChessBase"]

1. d4 Nf6 2. e3 g6 3. Bd3 Bg7 4. b3 O-O 5. Nd2 d6 6. Bb2 Nbd7 7. g4 e5 8. g5 Nd5 9. Be4 Ne7 10. Ne2 c5 11. c3 d5 12. Bg2 Nf5 13. h4 exd4 14. cxd4 cxd4 15. exd4 Re8 16. Nf3 Nf8 17. Qd2 Bd7 18. O-O Ne6 19. Ng3 Nd6 20. Ne5 Bc6 21. Rfe1 Qb6 22. Bh3 Ne4 23. Nxe4 Bxe5 24. Nf6+ Bxf6 25. gxf6 Qd8 26. Bxe6 Rxe6 27. Rxe6 fxe6 28. Qg5 Kf7 29. Qh6 Qxf6 30. Qxh7+ Qg7 31. Qxg7+ Kxg7 32. Kg2 Kf6 33. Re1 Bb5 34. Re3 Rc8 35. Bc3 Bd7 36. Kg3 g5 37. Rf3+ Kg6 38. hxg5 1/2-1/2

[Event "Danmarksmesterskabet 1976"]
[Site "Aarhus"]
[Date "1976.04.10"]
[Round "1"]
[White "Hansen, Jacob Ost"]
[Black "Kristiansen, Jens"]
[Result "1-0"]
[WhiteElo "2408"]
[BlackElo "2412"]
[PlyCount "73"]
[EventDate "1976.04.10"]
[EventType "swiss"]
[EventRounds "10"]
[EventCountry "DEN"]
[SourceTitle "ChessBase"]

1. e4 e6 2. d3 d5 3. Nd2 c5 4. Ngf3 Nc6 5. g3 Bd6 6. Bg2 Nge7 7. O-O h6 8. Re1 O-O 9. c3 Bc7 10. a3 a5 11. a4 b6 12. exd5 exd5 13. Nb1 Bg4 14. h3 Bh5 15. Na3 Rc8 16. Nb5 Bb8 17. d4 cxd4 18. Nbxd4 Nxd4 19. Qxd4 Nc6 20. Qd3 Bg6 21. Qd1 Be4 22. Be3 Bd6 23. Qb3 Bc5 24. Rad1 Qf6 25. Bd4 Nxd4 26. Nxd4 Bxg2 27. Kxg2 Rfd8 28. Re2 Rd7 29. Qb5 Re7 30. Red2 Rce8 31. Nf3 Qg6 32. b4 axb4 33. cxb4 Bd6 34. Rb2 Re3 35. Qxd5 Qf6 36. fxe3 Qxb2+ 37. Rd2 1-0

[Event "Danmarksmesterskabet 1976"]
[Site "Aarhus"]
[Date "1976.04.10"]
[Round "1"]
[White "Hoi, Carsten"]
[Black "Jacobsen, Bo"]
[Result "0-1"]
[WhiteElo "2304"]
[BlackElo "2352"]
[PlyCount "80"]
[EventDate "1976.04.10"]
[EventType "swiss"]
[EventRounds "10"]
[EventCountry "DEN"]
[SourceTitle "ChessBase"]

1. e4 e5 2. Nf3 Nc6 3. Bb5 Nf6 4. O-O d6 5. d4 Bd7 6. Nc3 Be7 7. Re1 exd4 8. Nxd4 O-O 9. Bg5 Nxd4 10. Qxd4 Bxb5 11. Nxb5 Ng4 12. Bxe7 Qxe7 13. e5 Nxe5 14. f4 a6 15. fxe5 axb5 16. exd6 Qd8 17. Re7 Ra6 18. Rae1 Rxd6 19. Qe5 c6 20. Re8 Qb6+ 21. Kh1 Rd8 22. Re7 Qf2 23. h3 Rd2 24. Qe4 h6 25. Rxb7 Rxc2 26. Re7 Rxb2 27. Qxc6 Rxa2 28. Rg1 Re2 29. Rxe2 Qxe2 30. Rb1 Rb8 31. Qc7 Re8 32. Qd7 Re5 33. Rd1 Qf2 34. Qd8+ Kh7 35. Qd3+ Qf5 36. Qb3 Re2 37. Qg3 b4 38. Kg1 b3 39. Rf1 Qd5 40. Qg4 Rd2 0-1

[Event "Danmarksmesterskabet 1976"]
[Site "Aarhus"]
[Date "1976.04.10"]
[Round "1"]
[White "Kolbak, Jens"]
[Black "Brinck Claussen, Bjorn"]
[Result "1/2-1/2"]
[WhiteElo "2368"]
[BlackElo "2399"]
[PlyCount "85"]
[EventDate "1976.04.10"]
[EventType "swiss"]
[EventRounds "10"]
[EventCountry "DEN"]
[SourceTitle "B Brinck Clausen notebooks"]

1. e4 e6 2. Nc3 d5 3. Nf3 Bb4 4. Qe2 Nf6 5. exd5 Nxd5 6. g3 O-O 7. a3 Nxc3 8. bxc3 Bd6 9. Bg2 e5 10. O-O Re8 11. d3 Nc6 12. Rb1 h6 13. Nd2 Na5 14. Ne4 Bf8 15. Re1 Bd7 16. c4 b6 17. Bb2 Nc6 18. Qd1 Rb8 19. Nd2 Nd4 20. Nb3 c5 21. Nxd4 cxd4 22. Bd5 Qf6 23. Bc1 Bc6 24. Bg2 Qg6 25. Bxc6 Qxc6 26. Qg4 g6 27. Qe4 Qxe4 28. Rxe4 f5 29. Re2 e4 30. Kf1 Rb7 31. a4 Rbe7 32. Rb5 exd3 33. Rxe7 d2 34. Bxd2 Rxe7 35. Rd5 Rc7 36. Rxd4 Bg7 37. Rd8+ Kf7 38. Bf4 Rxc4 39. Rd7+ Kg8 40. Rxa7 Bd4 41. Ra8+ Kf7 42. Bxh6 Rxc2 43. Be3 1/2-1/2

[Event "Danmarksmesterskabet 1976"]
[Site "Aarhus"]
[Date "1976.04.10"]
[Round "1"]
[White "Nielsen, Poul Erik"]
[Black "Hvenekilde, Jorgen"]
[Result "1-0"]
[WhiteElo "2202"]
[BlackElo "2320"]
[PlyCount "81"]
[EventDate "1976.04.10"]
[EventType "swiss"]
[EventRounds "10"]
[EventCountry "DEN"]
[SourceTitle "ChessBase"]

1. e4 e5 2. Nf3 d6 3. d4 exd4 4. Nxd4 g6 5. Nc3 Bg7 6. Be3 Nf6 7. f3 O-O 8. Qd2 Nc6 9. O-O-O Nxd4 10. Bxd4 Be6 11. g4 c5 12. Be3 Qa5 13. Kb1 Rfe8 14. Bh6 Bh8 15. Bg5 a6 16. h4 b5 17. Bxf6 Bxf6 18. Nd5 Qd8 19. Nxf6+ Qxf6 20. Bg2 Red8 21. g5 Qe7 22. Qe3 a5 23. f4 b4 24. Rhe1 Rab8 25. h5 a4 26. f5 Bxa2+ 27. Kxa2 b3+ 28. cxb3 axb3+ 29. Kb1 gxh5 30. Qc3 Rb4 31. e5 Qa7 32. Rxd6 Qa2+ 33. Kc1 Rd4 34. Qxd4 cxd4 35. Rxd8+ Kg7 36. Be4 Qa1+ 37. Bb1 d3 38. Rxd3 Qa5 39. f6+ Kf8 40. Red1 Qc7+ 41. Rc3 1-0

[Event "Danmarksmesterskabet 1976"]
[Site "Aarhus"]
[Date "1976.04.10"]
[Round "1"]
[White "Rosell, Kaj"]
[Black "Ingerslev, Aage"]
[Result "1-0"]
[WhiteElo "2306"]
[BlackElo "2291"]
[PlyCount "45"]
[EventDate "1976.04.10"]
[EventType "swiss"]
[EventRounds "10"]
[EventCountry "DEN"]
[SourceTitle "ChessBase"]

1. d4 d5 2. c4 dxc4 3. Nf3 a6 4. e3 Nf6 5. Bxc4 e6 6. O-O b5 7. Bd3 c5 8. a4 bxa4 9. Nc3 cxd4 10. exd4 Be7 11. Qxa4+ Bd7 12. Qb3 O-O 13. d5 exd5 14. Nxd5 Bc6 15. Nxe7+ Qxe7 16. Re1 Qc5 17. Ne5 Bd5 18. Qa4 Nc6 19. Bg5 Qd6 20. Qh4 h6 21. Bxf6 Rfe8 22. Bxg7 Kxg7 23. Qg3+ 1-0

[Event "Danmarksmesterskabet 1976"]
[Site "Aarhus"]
[Date "1976.04.10"]
[Round "1"]
[White "Sahl, Bjarke"]
[Black "Bang, Erik"]
[Result "1/2-1/2"]
[WhiteElo "2209"]
[BlackElo "2302"]
[PlyCount "83"]
[EventDate "1976.04.10"]
[EventType "swiss"]
[EventRounds "10"]
[EventCountry "DEN"]
[SourceTitle "ChessBase"]

1. d4 Nf6 2. c4 e6 3. Nc3 Bb4 4. e3 O-O 5. Nge2 d5 6. a3 Be7 7. Nf4 dxc4 8. Bxc4 Nc6 9. O-O e5 10. Nfd5 Nxd5 11. Nxd5 Bd6 12. Qh5 Be6 13. b4 Re8 14. Bb2 e4 15. f4 Bf8 16. Ba2 Qd7 17. Nf6+ gxf6 18. d5 Bg4 19. Qh4 Bg7 20. dxc6 bxc6 21. Bxf6 Bxf6 22. Qxf6 Qe7 23. Qh6 Be6 24. f5 Bxa2 25. f6 Qf8 26. Qg5+ Kh8 27. Rxa2 Rad8 28. Rc2 Re6 29. Rc5 Qg8 30. Qh4 Rd5 31. Rxd5 cxd5 32. Rf5 Qg6 33. Rxd5 Qxf6 34. Qxf6+ Rxf6 35. Rc5 Ra6 36. Rxc7 Rxa3 37. Kf2 Kg8 38. Re7 f5 39. Re5 Ra2+ 40. Kg3 Re2 41. Rxf5 Rxe3+ 42. Kf4 1/2-1/2

[Event "Danmarksmesterskabet 1976"]
[Site "Aarhus"]
[Date "1976.04.11"]
[Round "2"]
[White "Bang, Erik"]
[Black "From, Sigfred"]
[Result "1-0"]
[WhiteElo "2302"]
[BlackElo "2198"]
[PlyCount "79"]
[EventDate "1976.04.10"]
[EventType "swiss"]
[EventRounds "10"]
[EventCountry "DEN"]
[SourceTitle "ChessBase"]

1. Nf3 d5 2. g3 c5 3. Bg2 Nc6 4. d4 Bg4 5. c4 e6 6. cxd5 exd5 7. Nc3 Nf6 8. Be3 Bxf3 9. Bxf3 Qd7 10. O-O Rd8 11. Bg5 Nxd4 12. Bg2 Qf5 13. Bxf6 gxf6 14. e3 Nc6 15. Nxd5 Bd6 16. Qa4 Kf8 17. Rad1 Kg7 18. Qb5 Rd7 19. Nc3 Ne5 20. Rd5 a6 21. Qa4 Qe6 22. Rfd1 Rhd8 23. Qe4 b5 24. Ne2 Nc4 25. Qh4 Nxb2 26. Bh3 Qe8 27. Rb1 Nc4 28. Rh5 h6 29. Rxh6 Qg8 30. Qxf6+ Kf8 31. Bxd7 Be7 32. Qc3 Rxd7 33. Rh8 Nd2 34. Rxg8+ Kxg8 35. Ra1 b4 36. Qc2 c4 37. Kg2 b3 38. axb3 cxb3 39. Qf5 b2 40. Rd1 1-0

[Event "Danmarksmesterskabet 1976"]
[Site "Aarhus"]
[Date "1976.04.11"]
[Round "2"]
[White "Bjerring, Kai"]
[Black "Kolbak, Jens"]
[Result "0-1"]
[WhiteElo "2320"]
[BlackElo "2368"]
[PlyCount "112"]
[EventDate "1976.04.10"]
[EventType "swiss"]
[EventRounds "10"]
[EventCountry "DEN"]
[SourceTitle "ChessBase"]

1. e4 e6 2. d4 d5 3. Nc3 dxe4 4. Nxe4 Nd7 5. Bd3 Ngf6 6. Nxf6+ Nxf6 7. Nf3 b6 8. O-O Bb7 9. c3 Bd6 10. Qe2 O-O 11. Bg5 Be7 12. Rad1 Ng4 13. Bf4 Nf6 14. c4 Rc8 15. Bb1 Re8 16. Ne5 Bf8 17. Bg5 h6 18. Bh4 g5 19. Bg3 Qe7 20. f4 c5 21. fxg5 hxg5 22. Rxf6 Qxf6 23. Rf1 Qh8 24. Rxf7 Re7 25. Qf1 Rce8 26. Bg6 Qh6 27. Rf6 Bg7 28. Bf7+ Rxf7 29. Rxf7 Be4 30. dxc5 bxc5 31. Rxa7 Bf5 32. Qf3 g4 33. Qf4 Qf6 34. Rd7 Rf8 35. b3 Bh6 36. Qf2 Qg5 37. Rd1 Rd8 38. Rxd8+ Qxd8 39. h3 Qd1+ 40. Kh2 gxh3 41. gxh3 Bg7 42. Qg2 Kh7 43. Ng4 Qd4 44. Qe2 Qc3 45. Be5 Bxe5+ 46. Qxe5 Qd2+ 47. Kg3 Qxa2 48. Qc7+ Kg6 49. Ne5+ Kh6 50. Qd8 Qxb3+ 51. Kf4 Kg7 52. Qe7+ Kg8 53. Nf7 Qxh3 54. Qe8+ Kg7 55. Nd8 Qg4+ 56. Ke3 Qd4+ 0-1

[Event "Danmarksmesterskabet 1976"]
[Site "Aarhus"]
[Date "1976.04.11"]
[Round "2"]
[White "Brinck Claussen, Bjorn"]
[Black "Nielsen, Poul Erik"]
[Result "0-1"]
[WhiteElo "2399"]
[BlackElo "2202"]
[PlyCount "124"]
[EventDate "1976.04.10"]
[EventType "swiss"]
[EventRounds "10"]
[EventCountry "DEN"]
[SourceTitle "ChessBase"]

1. d4 d5 2. c4 Nc6 3. Nc3 Nf6 4. Nf3 Bf5 5. Bg5 Ne4 6. cxd5 Nxc3 7. bxc3 Qxd5 8. Qb3 O-O-O 9. e3 f6 10. Bh4 e5 11. Bc4 Qd7 12. Bb5 a6 13. Be2 h5 14. h3 exd4 15. Nxd4 Be4 16. f3 Na5 17. Qb2 Bd5 18. Rb1 c5 19. Bxa6 cxd4 20. cxd4 Qd6 21. Bd3 g5 22. Bf2 Qa3 23. Bf5+ Kb8 24. Bg3+ Ka8 25. Qxa3 Bxa3 26. Bc7 Nc6 27. Bxd8 Rxd8 28. Kf2 Bc4 29. Be4 Ka7 30. Rhd1 Nb4 31. Rd2 b5 32. Rh1 h4 33. g3 hxg3+ 34. Kxg3 Nd5 35. Bxd5 Bxd5 36. e4 Bc4 37. d5 Bd6+ 38. Kg4 b4 39. Kf5 Be5 40. h4 gxh4 41. Rxh4 Kb6 42. Rh7 Rd6 43. Re7 Bc3 44. Rg2 Bd3 45. Re6 Kc5 46. Rxd6 Kxd6 47. Rg8 Bf1 48. Rd8+ Ke7 49. Rh8 Kd6 50. f4 Bc4 51. Rd8+ Kc7 52. Ra8 Kd6 53. Kg6 Bd3 54. Kf5 Bc4 55. a3 b3 56. Rc8 b2 57. Rxc4 Ba5 58. Rc6+ Ke7 59. Ra6 b1=Q 60. Ra7+ Ke8 61. Rxa5 Qb7 62. Kxf6 Qb6+ 0-1

[Event "Danmarksmesterskabet 1976"]
[Site "Aarhus"]
[Date "1976.04.11"]
[Round "2"]
[White "Hvenekilde, Jorgen"]
[Black "Ingerslev, Aage"]
[Result "1-0"]
[WhiteElo "2320"]
[BlackElo "2291"]
[PlyCount "71"]
[EventDate "1976.04.10"]
[EventType "swiss"]
[EventRounds "10"]
[EventCountry "DEN"]
[SourceTitle "ChessBase"]

1. e4 e5 2. Nf3 Nc6 3. Bc4 Bc5 4. c3 Bb6 5. d3 Nf6 6. Bg5 d6 7. Nbd2 a6 8. a4 h6 9. Bh4 Qe7 10. b4 Be6 11. O-O g5 12. Bg3 Bg4 13. h3 Bh5 14. a5 Ba7 15. Qa4 Qd7 16. b5 Nd8 17. Bxe5 dxe5 18. Nxe5 Qd6 19. bxa6+ Kf8 20. axb7 Rb8 21. d4 Rxb7 22. g4 Rb2 23. Ra2 Rxd2 24. Rxd2 Nxe4 25. Rd3 Nxc3 26. Rxc3 Qxd4 27. Re3 Bxg4 28. hxg4 Ne6 29. Rd1 Qf4 30. Rd7 Rh7 31. Rxf7+ Rxf7 32. Ng6+ Kg7 33. Nxf4 Rxf4 34. Qd7+ Kf8 35. Qxe6 Bxe3 36. fxe3 1-0

[Event "Danmarksmesterskabet 1976"]
[Site "Aarhus"]
[Date "1976.04.11"]
[Round "2"]
[White "Jacobsen, Bo"]
[Black "Hansen, Jacob Ost"]
[Result "1-0"]
[WhiteElo "2352"]
[BlackElo "2408"]
[PlyCount "83"]
[EventDate "1976.04.10"]
[EventType "swiss"]
[EventRounds "10"]
[EventCountry "DEN"]
[SourceTitle "ChessBase"]

1. Nf3 Nf6 2. g3 d5 3. b3 Bf5 4. Bg2 e6 5. O-O Be7 6. d3 O-O 7. Nbd2 h6 8. Qe1 Bh7 9. Bb2 a5 10. a4 Nc6 11. Ne5 Nxe5 12. Bxe5 c6 13. e3 Nd7 14. Bc3 Bf6 15. Nf3 Re8 16. Rd1 e5 17. Nd2 Qe7 18. Bh3 Nb6 19. Bb2 Qc5 20. Rc1 Nc8 21. Nb1 Qe7 22. Kh1 Nd6 23. Ba3 Qc7 24. Nd2 b5 25. Bg2 e4 26. d4 b4 27. Bb2 c5 28. c4 dxc4 29. Nxc4 cxd4 30. Bxd4 Bxd4 31. exd4 Rad8 32. Qd2 Nf5 33. d5 Qa7 34. Rcd1 e3 35. fxe3 Nxe3 36. Qf2 Re7 37. Nxe3 Qxe3 38. d6 Re5 39. Qxf7+ Kh8 40. Qf8+ Rxf8 41. Rxf8+ Bg8 42. d7 1-0

[Event "Danmarksmesterskabet 1976"]
[Site "Aarhus"]
[Date "1976.04.11"]
[Round "2"]
[White "Mortensen, Erling"]
[Black "Kristiansen, Jens"]
[Result "1-0"]
[WhiteElo "2244"]
[BlackElo "2412"]
[PlyCount "67"]
[EventDate "1976.04.10"]
[EventType "swiss"]
[EventRounds "10"]
[EventCountry "DEN"]
[SourceTitle "ChessBase"]

1. c4 g6 2. Nf3 Bg7 3. d4 Nf6 4. g3 O-O 5. Bg2 d6 6. O-O Nbd7 7. Nc3 e5 8. e4 Re8 9. h3 exd4 10. Nxd4 Nc5 11. Re1 a5 12. Qc2 a4 13. Be3 c6 14. Rab1 Qe7 15. Rbd1 Nfd7 16. b4 axb3 17. axb3 Na6 18. Na4 Nac5 19. Nc3 Na6 20. Nde2 Ndc5 21. Rd2 Be6 22. Red1 Red8 23. f4 f5 24. Bd4 fxe4 25. Nxe4 Bxh3 26. Nxc5 Bxg2 27. Bxg7 Nxc5 28. Bb2 Be4 29. Qc3 h5 30. Rxd6 Rxd6 31. Rxd6 Kh7 32. Qd4 Ra2 33. Rd8 Qxd8 34. Qg7# 1-0

[Event "Danmarksmesterskabet 1976"]
[Site "Aarhus"]
[Date "1976.04.11"]
[Round "2"]
[White "Rosell, Kaj"]
[Black "Brondum, Eric"]
[Result "1-0"]
[WhiteElo "2306"]
[BlackElo "2316"]
[PlyCount "103"]
[EventDate "1976.04.10"]
[EventType "swiss"]
[EventRounds "10"]
[EventCountry "DEN"]
[SourceTitle "ChessBase"]

1. Nf3 g6 2. d4 Bg7 3. e4 c5 4. dxc5 Qa5+ 5. Nbd2 Nf6 6. Bd3 Na6 7. O-O Nxc5 8. e5 Ng4 9. Nc4 Qc7 10. Re1 O-O 11. h3 Nh6 12. Bg5 f6 13. exf6 exf6 14. Bxh6 Bxh6 15. Nd6 Ne6 16. Bb5 a6 17. Ba4 Kh8 18. Nxc8 Raxc8 19. Bxd7 Rfd8 20. Rxe6 Rxd7 21. Qe2 Qxc2 22. Re8+ Kg7 23. Re7+ Rxe7 24. Qxe7+ Kg8 25. Qxb7 Qc6 26. Qe7 Bf8 27. Qe2 Qc4 28. Qd2 Bb4 29. Qd7 Qc6 30. Qxc6 Rxc6 31. Nd4 Rc4 32. Rd1 Kf7 33. Kf1 Be7 34. Ke2 f5 35. Kd3 Rc8 36. Ne2 Rb8 37. Kc2 Rb7 38. Nc3 h5 39. a3 Rc7 40. Rd3 Bc5 41. f3 Be7 42. b4 g5 43. Kb3 g4 44. fxg4 hxg4 45. hxg4 fxg4 46. Rg3 Ke6 47. Rxg4 Kf5 48. Rf4+ Ke6 49. Rc4 Rxc4 50. Kxc4 Kd7 51. a4 Ke6 52. a5 1-0

[Event "Danmarksmesterskabet 1976"]
[Site "Aarhus"]
[Date "1976.04.11"]
[Round "2"]
[White "Sloth, Jorn"]
[Black "Sahl, Bjarke"]
[Result "1/2-1/2"]
[WhiteElo "2438"]
[BlackElo "2209"]
[PlyCount "97"]
[EventDate "1976.04.10"]
[EventType "swiss"]
[EventRounds "10"]
[EventCountry "DEN"]
[SourceTitle "ChessBase"]

1. g3 e5 2. Bg2 g6 3. Nf3 Bg7 4. O-O Nc6 5. c4 d6 6. Nc3 h6 7. d3 Be6 8. Bd2 Qd7 9. Nd5 Nd8 10. Bc3 c6 11. Ne3 f5 12. c5 Nf7 13. cxd6 Qxd6 14. d4 e4 15. Nh4 Bd7 16. Nc4 Qd5 17. Ne3 Qd6 18. Nc4 Qd5 19. Ne5 Bxe5 20. dxe5 Ne7 21. e6 Bxe6 22. Bxh8 Nxh8 23. Bh1 Qe5 24. Qc2 g5 25. Ng2 Nhg6 26. Ne3 O-O-O 27. Rfd1 Nd5 28. Nxd5 Bxd5 29. Qc5 Nf4 30. gxf4 gxf4 31. Qc3 Rg8+ 32. Kf1 Qe6 33. Rxd5 Qg6 34. Ke1 Qg1+ 35. Kd2 Qxa1 36. Qf6 cxd5 37. Qe6+ Kc7 38. Qe5+ Kc6 39. Qe6+ Kc7 40. Qe5+ Kc6 41. Qe6+ Kc5 42. Qe7+ Kb6 43. Qd6+ Ka5 44. Qxd5+ b5 45. b4+ Kxb4 46. Qd6+ Ka4 47. Qa6+ Kb4 48. Qd6+ Ka5 49. Qc7+ 1/2-1/2

[Event "Danmarksmesterskabet 1976"]
[Site "Aarhus"]
[Date "1976.04.12"]
[Round "3"]
[White "Bang, Erik"]
[Black "Rosenlund, Thorbjorn"]
[Result "1/2-1/2"]
[WhiteElo "2302"]
[BlackElo "2360"]
[PlyCount "48"]
[EventDate "1976.04.10"]
[EventType "swiss"]
[EventRounds "10"]
[EventCountry "DEN"]
[SourceTitle "Erik Bang"]

1. c4 c5 2. g3 Nc6 3. Bg2 g6 4. Nc3 Bg7 5. Nf3 e6 6. e3 Nge7 7. O-O Nf5 8. Ne2 Qb6 9. Nc3 d6 10. b3 O-O 11. Bb2 Qd8 12. Ne1 Bd7 13. d3 a6 14. Qe2 Rb8 15. Ne4 Qe7 16. Bxg7 Nxg7 17. Qd2 b5 18. Nc3 Rfc8 19. Rc1 Nf5 20. Nf3 h5 21. Ne4 e5 22. Nc3 Be6 23. h4 f6 24. Rfd1 Kg7 1/2-1/2

[Event "Danmarksmesterskabet 1976"]
[Site "Aarhus"]
[Date "1976.04.12"]
[Round "3"]
[White "Brinck Claussen, Bjorn"]
[Black "Hvenekilde, Jorgen"]
[Result "1-0"]
[WhiteElo "2399"]
[BlackElo "2320"]
[PlyCount "80"]
[EventDate "1976.04.10"]
[EventType "swiss"]
[EventRounds "10"]
[EventCountry "DEN"]
[SourceTitle "ChessBase"]

1. d4 e6 2. c4 f5 3. g3 Nf6 4. Bg2 Be7 5. Nf3 O-O 6. O-O d5 7. b3 c6 8. Ba3 Bxa3 9. Nxa3 Bd7 10. Nc2 Be8 11. Nce1 Nbd7 12. Nd3 Rc8 13. Rc1 Rc7 14. Qc2 Ne4 15. Nfe5 Nxe5 16. Nxe5 Ng5 17. e3 Rf6 18. cxd5 exd5 19. Qc5 Ne4 20. Qxa7 c5 21. Qa3 Ra6 22. Qb2 b6 23. Rc2 Rca7 24. Ra1 Bb5 25. f3 Qg5 26. Qc1 Nf6 27. dxc5 bxc5 28. Rxc5 Be8 29. Qd2 h5 30. Rc8 Kh7 31. f4 Qh6 32. Qc2 h4 33. g4 h3 34. g5 Qh4 35. Qxf5+ g6 36. Qxh3 Qxh3 37. Bxh3 Bd7 38. Rf8 Bxh3 39. gxf6 Rxa2 40. Rxa2 Rxa2 1-0

[Event "Danmarksmesterskabet 1976"]
[Site "Aarhus"]
[Date "1976.04.12"]
[Round "3"]
[White "Brondum, Eric"]
[Black "Hansen, Jacob Ost"]
[Result "1/2-1/2"]
[WhiteElo "2316"]
[BlackElo "2408"]
[PlyCount "41"]
[EventDate "1976.04.10"]
[EventType "swiss"]
[EventRounds "10"]
[EventCountry "DEN"]
[SourceTitle "ChessBase"]

1. d4 g6 2. c4 Bg7 3. Nc3 d6 4. e4 e5 5. d5 Nd7 6. Nf3 a5 7. Be2 h5 8. O-O Bh6 9. a3 Bxc1 10. Rxc1 Nh6 11. Qd2 Nc5 12. Rb1 a4 13. Bd1 Bd7 14. Ne1 Qe7 15. Bc2 Kf8 16. Nd3 b6 17. Nxc5 bxc5 18. Nb5 Bxb5 19. cxb5 Kg7 20. Qd1 Ra5 21. Bxa4 1/2-1/2

[Event "Danmarksmesterskabet 1976"]
[Site "Aarhus"]
[Date "1976.04.12"]
[Round "3"]
[White "From, Sigfred"]
[Black "Bjerring, Kai"]
[Result "0-1"]
[WhiteElo "2198"]
[BlackElo "2320"]
[PlyCount "90"]
[EventDate "1976.04.10"]
[EventType "swiss"]
[EventRounds "10"]
[EventCountry "DEN"]
[SourceTitle "ChessBase"]

1. d4 Nf6 2. c4 c5 3. d5 b5 4. cxb5 a6 5. Nc3 axb5 6. e4 b4 7. Nb5 d6 8. Bf4 g5 9. e5 gxf4 10. exf6 Nd7 11. fxe7 Qxe7+ 12. Be2 Ne5 13. Kf1 Bg7 14. Qb3 O-O 15. Re1 Bd7 16. a4 bxa3 17. bxa3 Ra5 18. a4 Rfa8 19. Nc3 Bxa4 20. Nxa4 Rxa4 21. Qb1 Qa7 22. g3 Ra1 23. Qxa1 Qxa1 24. Rxa1 Rxa1+ 25. Kg2 c4 26. Nf3 Rxh1 27. Kxh1 Nxf3 28. Bxf3 c3 29. Be4 f3 30. g4 Bd4 31. Kg1 h6 32. Kf1 Kg7 33. Ke1 Kf6 34. Bxf3 Bxf2+ 35. Ke2 Kg5 36. Kd3 Bd4 37. Be4 Be5 38. h3 h5 39. Bf5 Kf4 40. Bd7 h4 41. Kc2 Bf6 42. Kd3 Bg5 43. Kxc3 Kg3 44. Kd4 Kxh3 45. Ke4 Kg3 0-1

[Event "Danmarksmesterskabet 1976"]
[Site "Aarhus"]
[Date "1976.04.12"]
[Round "3"]
[White "Jacobsen, Bo"]
[Black "Rosell, Kaj"]
[Result "1-0"]
[WhiteElo "2352"]
[BlackElo "2306"]
[PlyCount "43"]
[EventDate "1976.04.10"]
[EventType "swiss"]
[EventRounds "10"]
[EventCountry "DEN"]
[SourceTitle "ChessBase"]

1. Nf3 Nf6 2. g3 d5 3. Bg2 e6 4. O-O Be7 5. d3 O-O 6. Nbd2 c5 7. Re1 Nc6 8. e4 b5 9. e5 Nd7 10. Qe2 f6 11. exf6 Nxf6 12. Bh3 e5 13. Bxc8 Qxc8 14. Nxe5 Nd4 15. Qd1 Qh3 16. c3 Ne4 17. Nxe4 dxe4 18. cxd4 Rxf2 19. Kxf2 Qxh2+ 20. Ke3 Rf8 21. Rf1 Qxg3+ 22. Kxe4 1-0

[Event "Danmarksmesterskabet 1976"]
[Site "Aarhus"]
[Date "1976.04.12"]
[Round "3"]
[White "Kolbak, Jens"]
[Black "Nielsen, Poul Erik"]
[Result "1/2-1/2"]
[WhiteElo "2368"]
[BlackElo "2202"]
[PlyCount "76"]
[EventDate "1976.04.10"]
[EventType "swiss"]
[EventRounds "10"]
[EventCountry "DEN"]
[SourceTitle "ChessBase"]

1. e4 c5 2. Nc3 d6 3. g3 g6 4. d3 Bg7 5. Be3 Nc6 6. Qd2 Rb8 7. Bg2 b5 8. Nge2 Nd4 9. O-O e6 10. Nd1 Nxe2+ 11. Qxe2 Ne7 12. Qd2 O-O 13. Bh6 e5 14. Bxg7 Kxg7 15. f4 f6 16. Ne3 Rb7 17. Rf2 Ng8 18. b4 Be6 19. a3 a5 20. bxc5 dxc5 21. fxe5 fxe5 22. Rxf8 Kxf8 23. Nd5 Bxd5 24. exd5 Rf7 25. Re1 b4 26. axb4 cxb4 27. Rxe5 Qb8 28. Re6 a4 29. Ra6 Qb5 30. Ra8+ Kg7 31. d6 Nf6 32. h3 Rd7 33. Kh2 Rxd6 34. Qf4 Rd7 35. Rb8 Qc5 36. Rxb4 Qxc2 37. Rxa4 Qxd3 38. Ra8 Qd6 1/2-1/2

[Event "Danmarksmesterskabet 1976"]
[Site "Aarhus"]
[Date "1976.04.12"]
[Round "3"]
[White "Mortensen, Erling"]
[Black "Sloth, Jorn"]
[Result "0-1"]
[WhiteElo "2244"]
[BlackElo "2438"]
[PlyCount "68"]
[EventDate "1976.04.10"]
[EventType "swiss"]
[EventRounds "10"]
[EventCountry "DEN"]
[SourceTitle "ChessBase"]

1. c4 e6 2. Nc3 Bb4 3. Nf3 b6 4. Qc2 Bb7 5. a3 Bxc3 6. Qxc3 Nf6 7. b3 d6 8. Bb2 O-O 9. g3 Nbd7 10. Bg2 Ne5 11. Nh4 Bxg2 12. Nxg2 Qd7 13. O-O Ng6 14. Ne3 Ne8 15. f4 f5 16. d3 c6 17. b4 e5 18. Rf3 exf4 19. gxf4 Nf6 20. Kh1 Rae8 21. Rg1 Re7 22. Qd2 Ng4 23. Ng2 Qe6 24. e3 c5 25. h3 Nf6 26. Kh2 d5 27. bxc5 bxc5 28. Rc1 Rd7 29. cxd5 Qxd5 30. Rf2 Ne4 31. dxe4 Qxd2 32. Rxd2 Rxd2 33. exf5 Nh4 34. Rg1 Rxb2 0-1

[Event "Danmarksmesterskabet 1976"]
[Site "Aarhus"]
[Date "1976.04.12"]
[Round "3"]
[White "Sahl, Bjarke"]
[Black "Hoi, Carsten"]
[Result "0-1"]
[WhiteElo "2209"]
[BlackElo "2304"]
[PlyCount "110"]
[EventDate "1976.04.10"]
[EventType "swiss"]
[EventRounds "10"]
[EventCountry "DEN"]
[SourceTitle "ChessBase"]

1. c4 e6 2. Nf3 d5 3. Nc3 Nf6 4. d4 dxc4 5. e3 c5 6. Bxc4 a6 7. O-O Be7 8. a3 b5 9. Bd3 Nbd7 10. Bc2 Bb7 11. Re1 O-O 12. e4 cxd4 13. Nxd4 Qc7 14. Qe2 Rad8 15. Nf3 Ng4 16. h3 Nge5 17. Bf4 Bd6 18. Bg5 Nxf3+ 19. Qxf3 Ne5 20. Qh5 f6 21. Be3 Qf7 22. Qxf7+ Kxf7 23. Rad1 Nc4 24. Bc1 Ke7 25. Bb3 Be5 26. a4 Na5 27. Bc2 b4 28. Ne2 Rxd1 29. Rxd1 Rc8 30. Bb1 Nb3 31. Bf4 Bc6 32. Bxe5 fxe5 33. f4 exf4 34. Nxf4 Bxa4 35. e5 g6 36. Kf2 Na5 37. Rd6 Rc6 38. Bd3 Rxd6 39. exd6+ Kxd6 40. Bxa6 Bc2 41. Ke3 e5 42. Ne2 Kd5 43. Kd2 Be4 44. g3 Nc4+ 45. Kc1 Bd3 46. Bb7+ Kc5 47. Ng1 e4 48. h4 Nd6 49. Ba8 Nf5 50. Nh3 Nxg3 51. Ng5 h6 52. Ne6+ Kc4 53. Nf4 e3 54. Bd5+ Kd4 55. Bf3 Be4 0-1

[Event "Danmarksmesterskabet 1976"]
[Site "Aarhus"]
[Date "1976.04.13"]
[Round "4"]
[White "Bjerring, Kai"]
[Black "Brondum, Eric"]
[Result "1/2-1/2"]
[WhiteElo "2320"]
[BlackElo "2316"]
[PlyCount "68"]
[EventDate "1976.04.10"]
[EventType "swiss"]
[EventRounds "10"]
[EventCountry "DEN"]
[SourceTitle "ChessBase"]

1. e4 c5 2. Nf3 e6 3. Nc3 Nc6 4. d4 cxd4 5. Nxd4 a6 6. g3 Qc7 7. Bg2 Nf6 8. O-O Be7 9. Re1 Nxd4 10. Qxd4 Bc5 11. Qd1 d6 12. Bf4 e5 13. Be3 Be6 14. h3 Rc8 15. a3 b5 16. Qd2 h6 17. Rad1 Ke7 18. Bxc5 Qxc5 19. Qe3 g5 20. Rd2 Qxe3 21. Rxe3 Rc6 22. Nd1 Rhc8 23. Rc3 Nd7 24. Rxc6 Rxc6 25. Ne3 Nb6 26. Bf1 Na4 27. c3 Rc8 28. Kg2 Nc5 29. Kf3 h5 30. g4 hxg4+ 31. hxg4 Rb8 32. b4 Nb3 33. Rc2 Rc8 34. Kg3 Na1 1/2-1/2